| 000 | nam a22 a 4500 | ||
|---|---|---|---|
| 999 |
_c127403 _d127403 |
||
| 003 | BLK | ||
| 005 | 20210727130333.0 | ||
| 008 | 180409b bul|||||r ||||||| ||bul|| | ||
| 010 | _aKNG00133105000 | ||
| 020 | _a978-954-2925-01-9 | ||
| 040 | _aBLK | ||
| 041 |
_aBUL _cBUL |
||
| 080 |
_aМузикални изпълнители (инструменталисти, певци), интерпретатори, диригенти _b78.071.2 _x.001.1 _z78.071.2.001.1 |
||
| 100 | 1 |
_aБакалов, Иван Крумов _eпърви автор _9320671 |
|
| 139 |
_aБакалов, Иван Крумов _bБ 16 |
||
| 245 | 1 | 0 |
_aГенезис и адекватностни характеристики на диригентския жест _cИван Бакалов. |
| 257 | _aBGR | ||
| 260 |
_aСофия _bМарс 09 _c2010 _fСофия : Симолини 94 |
||
| 300 |
_a255 с. _bс ил., ноти _c24 см |
||
| 380 | _a7 | ||
| 500 | _aРез. на англ., нем. ез. | ||
| 504 | _aБиблиогр. с. 250. | ||
| 650 | 4 |
_aДиригентство _9153531 |
|
| 653 | _aдирижиране | ||
| 653 | _aтеории | ||
| 852 | _aЦб 256056 | ||
| 852 |
_bИП _c78.071.2/Б 16 И |
||
| 856 | 4 | _qpdf | |
| 856 | 4 | _qpdf | |
| 942 |
_cKNG _n0 _s1 |
||
| 944 |
_aCR _c23.08.2012 _kМилена_Ачева |
||
| 944 |
_aED _c2021-07-27 _kГГГ |
||